best movies 1980-2025 - Statistics

General Stats
  • This quiz has been taken 101 times
  • The average score is 31 of 185
Answer Stats
Hint Answer % Correct
(2008) The Dark Knight
55%
(2012) The Avengers
52%
(2002) Spider-Man
51%
(2022) The Batman
51%
(1997) Titanic
51%
(1989) Batman
49%
(2010) Inception
49%
(2023) Oppenheimer
49%
(1994) Pulp Fiction
47%
(1995) Toy Story
47%
(2009) Avatar
45%
(2014) Interstellar
45%
(2008) Iron Man
44%
(1994) The Shawshank Redemption
44%
(1994) Forrest Gump
41%
(2000) Gladiator
40%
(1993) Jurassic Park
39%
(1984) The Terminator
39%
(1982) E.T
37%
(1999) Fight Club
37%
(2003) The Lord Of The Rings The Return Of The King
37%
(2019) Avengers Endgame
36%
(1981) Raiders Of The Lost Ark
36%
(2001) The Lord Of The Rings The Fellowship Of The Ring
36%
(2018) Avengers Infinity War
33%
(1985) Back To The Future
33%
(1990) Goodfellas
33%
(1995) Seven
33%
(2025) Superman
32%
(2012) The Dark Knight RIses
32%
(1980) The Shining
32%
(1998) Saving Private Ryan
31%
(1993) Schindler's List
31%
(2006) The Departed
31%
(2013) The Wolf Of Wall Street
31%
(1986) Top Gun
31%
(2021) Dune
29%
(2010) Iron Man 2
29%
(1983) Return Of The Jedi
29%
(2010) Toy Story 3
29%
(1980) The Empire Strikes Back
28%
(2005) Batman Begins
27%
(2019) Joker
27%
(2015) Jurassic World
27%
(2014) Guardians Of The Galaxy
25%
(2016) La La Land
25%
(2018) Black Panther
24%
(2015) Inside Out
24%
(2003) Kill BIll Vol 1
24%
(1986) Aliens
23%
(2017) Dunkirk
23%
(2021) Spider-Man No Way Home
23%
(1991) Terminator 2 Judgment Day
23%
(1994) The Lion King
23%
(1999) The Matrix
23%
(1982) Blade Runner
21%
(2017) Spider-Man Homecoming
21%
(1991) The Silence Of The Lambs
21%
(1995) Braveheart
20%
(2016) Captain America Civil War
20%
(2006) Casino Royale
20%
(1988) Die Hard
20%
(2007) No Country For Old Men
20%
(2010) Shutter Island
20%
(2004) Spider-Man 2
20%
(2004) The Incredibles
20%
(2006) The Prestige
20%
(2009) Up
20%
(2016) Deadpool
19%
(2003) Finding Nemo
19%
(2001) Shrek
19%
(2025) Sinners
19%
(2022) Top Gun Maverick
19%
(2008) WALL-E
19%
(2017) Coco
17%
(2024) Deadpool & Wolverine
17%
(2022) Everything Everywhere All At Once
17%
(2025) F1
16%
(1984) Ghostbusters
16%
(2012) Skyfall
16%
(2001) Spirited Away
16%
(2020) Tenet
16%
(2017) Thor Ragnarok
16%
(2024) Wicked
16%
(2024) Anora
15%
(2007) Ratatouille
15%
(2004) Shrek 2
15%
(2015) Spectre
15%
(1982) The Thing
15%
(2014) Captain America The Winter Soldier
13%
(2021) No Time To Die
13%
(1987) Predator
13%
(2000) X-Men
13%
(2019) 1917
12%
(2000) American Psycho
12%
(2010) How To Train Your Dragon
12%
(2001) Monsters Inc
12%
(2023) Spider-Man Across The Spider-Verse
12%
(2010) The Social Network
12%
(2025) Thunderbolts
12%
(2022) Black Panther Wakanda Forever
11%
(2000) Cast Away
11%
(2017) Guardians Of The Galaxy Vol 2
11%
(2023) Guardians Of The Galaxy Vol 3
11%
(2002) Harry Potter & The Chamber Of Secrets
11%
(2004) Harry Potter & The Prisoner Of Azkaban
11%
(2014) John Wick
11%
(2017) Logan
11%
(1988) Rain Man
11%
(1996) Scream
11%
(2018) Spider-Man Into The Spider-Verse
11%
(1985) The Goonies
11%
(2004) Eternal Sunshine Of The Spotless Mind
9%
(2017) Get Out
9%
(2005) Harry Potter & The Goblet Of Fire
9%
(2009) Harry Potter & The Half Blood Prince
9%
(2001) Harry Potter & The Sorcerers Stone
9%
(2004) Kill Bill Vol 2
9%
(2003) Oldboy
9%
(2005) Star Wars Revenge Of The Sith
9%
(2017) The Shape Of Water
9%
(2016) Zootopia
9%
(2011) Harry Potter & The Deathly Hallows Part 2
8%
(2007) Harry Potter & The Order Of The Phoenix
8%
(1984) | (1989) Indiana Jones & The Last Crusade
8%
(2002) The Lord Of The Rings The Two Towers
8%
(2015) The Martian
8%
(2024) The Substance
8%
(2025) Weapons
8%
(1984) A Nightmare On Elm Street
7%
(2017) Blade Runner 2049
7%
(2018) Bohemian Rhapsody
7%
(2013) Gravity
7%
(2010) Harry Potter & The Deathly Hallows Part 1
7%
(2014) X-Men Days Of Future Past
7%
(2024) Dune Part Two
5%
(1996) Independence Day
5%
(2012) Life Of Pi
5%
(2023) Mission Impossible Dead Reckoning
5%
(2018) Mission Impossible Fallout
5%
(2003) Pirates Of The Caribbean The Curse Of The Black Pearl
5%
(2004) Shaun Of The Dead
5%
(1995) Apollo 13
4%
(2002) City Of God
4%
(2014) How To Train Your Dragon 2
4%
(2019) Jojo Rabbit
4%
(2005) King Kong
4%
(2023) Napoleon
4%
(2006) Pirates Of The Caribbean Dead Mans Chest
4%
(1987) Robocop
4%
(2005) War Of The Worlds
4%
(2002) 8 Mile
3%
(2024) Conclave
3%
(2024) Flow
3%
(2021) Free Guy
3%
(2023) Godzilla Minus One
3%
(2024) Kingdom Of The Planet Of The Apes
3%
(2025) Mission Impossible The Final Reckoning
3%
(2024) Nosferatu
3%
(1981) The Evil Dead
3%
(2024) The Wild Robot
3%
(1990) Total Recall
3%
(2024) Alien Romulus
1%
(1981) An American Werewolf In London
1%
(2024) Beetlejuice Beetlejuice
1%
(2014) Big Hero 6
1%
(2014) Dawn Of The Planet Of The Apes
1%
(2022) Puss In Boots The Last Wish
1%
(2016) Rogue One A Star Wars Story
1%
(2024) Sonic The Hedgehog 3
1%
(2015) Star Wars The Force Awakens
1%
(2017) War For The Planet Of The Apes
1%
(2002) 28 Days Later
0%
(1992) Army Of Darkness
0%
(1987) Evil Dead 2
0%
(2015) Ex Machina
0%
(2017) John Wick Chapter 2
0%
(2019) John Wick Chapter 3
0%
(2023) John Wick Chapter 4
0%
(2017) Kong Skull Island
0%
(2025) Mickey 17
0%
(2019) Once Upton A Time In Hollywood
0%
(2013) The Hobbit The Desolation Of Smaug
0%
(2024) Transformers One
0%
No matching quizzes found
Score Distribution
Percent of People with Each Score
Percentile by Number Answered
Your Score History
You have not taken this quiz